Biggest Metro Areas in China - Statistics

General Stats
  • This quiz has been taken 111 times
  • The average score is 14 of 20
Answer Stats
Urban Population (In Millions) Metro Areas % Correct
19.2 Beijing
99%
28.2 Shanghai
99%
21 Guangzhou
96%
11.1 Chongqing
90%
21.7 Shenzhen
90%
11.3 Chengdu
89%
12.6 Wuhan
89%
7.8 Xi'an
89%
11.6 Tianjin
86%
8.3 Nanjing
83%
9.3 Hangzhou
79%
6.4 Harbin
79%
6.2 Qingdao
78%
7 Shenyang
75%
5.8 Zhengzhou
65%
6.9 Jinan
41%
4.2 Nanchang
33%
7.5 Shantou
32%
5.3 Wenzhou
22%
7.3 Changzhou
9%
No matching quizzes found
Score Distribution
Percent of People with Each Score
Percentile by Number Answered
Your Score History
You have not taken this quiz